000 00608nam a2200205 i 4500
001 86172
003 ES-MaACL
005 20230906175405.0
007 t|
008 041209s1984 sp ||||1| spa d
020 _a84-283-1307-5
100 1 _aKershner, William K.
_967941
245 1 0 _aManual de vuelo instrumental /
_cWilliam K. Kershner ; traducido por Ignacio Ortiz Marside.
260 _aMadrid :
_bParaninfo,
_c1984.
300 _a326 p. :
_bil. ;
_c26 cm.
500 _aIndice.
504 _aBibliografía.
700 1 _aOrtiz Marside, Ignacio.
_987627
852 _aES-MaACL
_jL-12298
_bR.115463
999 _c86172
_d86172